| 000 | 00704nam a22002297a 4500 | ||
|---|---|---|---|
| 008 | 131126b xxu||||| |||| 00| 0 eng d | ||
| 020 | _a81-7035-144-8 | ||
| 024 | _cAvailable | ||
| 037 | _cAvailable | ||
| 040 |
_aMBSTU LIBRARY _dMBSTU LIBRARY |
||
| 082 |
_222 _a574.5263 REC |
||
| 100 | _aEdited Ashutosh Gautam. | ||
| 245 | _aRecent researches in aquatic environment. | ||
| 260 |
_aDelhi _bDaya Publishing House. _c1995 |
||
| 300 |
_a26 cm. _b190 page _f1 _g26 cm. |
||
| 600 | _2Aquatic environments. | ||
| 650 | _2Aquatic environments. | ||
| 700 | _aEdited Ashutosh Gautam. | ||
| 270 |
_aDelhi _bDelhi _dIndia |
||
| 942 |
_2ddc _cBK |
||
| 999 |
_c881 _d881 |
||